Pocit bezpečia s otáznikom

Vplyv utečeneckej krízy na dopravu. Balkánske problémy. Napätie v Nemecku a Maďarsku. Utečenecké a prepravné trasy. Hrozba pre just-in-time dodávky. Ohrození šoféri.

Salvato in:
Dettagli Bibliografici
Autore principale: Valachovičová, Viktória
Natura: Capitolo di libro
Lingua:slovacco
Soggetti:
Tags: Aggiungi Tag
Nessun Tag, puoi essere il primo ad aggiungerne!!

MARC

LEADER 00000naa a2200000 4500
001 0209168
005 20231113104248.8
041 0 |a slo 
044 |a SK 
245 1 0 |a Pocit bezpečia s otáznikom  |c Viktória Valachovičová 
520 |a Vplyv utečeneckej krízy na dopravu. Balkánske problémy. Napätie v Nemecku a Maďarsku. Utečenecké a prepravné trasy. Hrozba pre just-in-time dodávky. Ohrození šoféri. 
610 2 0 |a doprava cestná nákladná 
610 2 0 |a preprava 
610 2 0 |a migrácia 
610 2 0 |a utečenci 
610 2 0 |a bezpečnosť dopravy 
100 1 |a Valachovičová, Viktória